<?xml version="1.0" encoding="UTF-8"?>
<record
    xmlns:xsi="http://www.w3.org/2001/XMLSchema-instance"
    xsi:schemaLocation="http://www.loc.gov/MARC21/slim http://www.loc.gov/standards/marcxml/schema/MARC21slim.xsd"
    xmlns="http://www.loc.gov/MARC21/slim">

  <leader>00620nam a22001577a 4500</leader>
  <controlfield tag="003">OSt</controlfield>
  <controlfield tag="005">20161110110558.0</controlfield>
  <controlfield tag="008">161110b        xxu||||| |||| 00| 0 eng d</controlfield>
  <datafield tag="040" ind1=" " ind2=" ">
    <subfield code="c">RUA</subfield>
  </datafield>
  <datafield tag="082" ind1=" " ind2=" ">
    <subfield code="a">LMA NAK 2015 B529 Or.1</subfield>
  </datafield>
  <datafield tag="100" ind1=" " ind2=" ">
    <subfield code="9">11246</subfield>
    <subfield code="a">NAK sreykunthea; &#x178E;&#x17B6;&#x1780; &#x179F;&#x17D2;&#x179A;&#x17B8;&#x1782;&#x1793;&#x17D2;&#x1792;&#x17B6;</subfield>
  </datafield>
  <datafield tag="245" ind1=" " ind2=" ">
    <subfield code="a">Study on land transfer in khan sensok, phnom penh; &#x179F;&#x17B7;&#x1780;&#x17D2;&#x179F;&#x17B6;&#x1796;&#x17B8;&#x1780;&#x17B6;&#x179A;&#x1795;&#x17D2;&#x1791;&#x17C1;&#x179A;&#x179F;&#x17B7;&#x1791;&#x17D2;&#x1792;&#x17B7;&#x178A;&#x17B8;&#x1792;&#x17D2;&#x179B;&#x17B8;&#x1793;&#x17C5;&#x1781;&#x178E;&#x17D2;&#x178C;&#x179F;&#x17C2;&#x1793;&#x179F;&#x17BB;&#x1781; &#x179A;&#x17B6;&#x1787;&#x1792;&#x17B6;&#x1793;&#x17B8;&#x1797;&#x17D2;&#x1793;&#x17C6;&#x1796;&#x17C1;&#x1789;</subfield>
  </datafield>
  <datafield tag="260" ind1=" " ind2=" ">
    <subfield code="a">PHNOM PENH</subfield>
    <subfield code="b">NAK</subfield>
    <subfield code="c">2015</subfield>
  </datafield>
  <datafield tag="300" ind1=" " ind2=" ">
    <subfield code="a">x;37p.</subfield>
    <subfield code="b">ill.</subfield>
    <subfield code="c">29cm.</subfield>
  </datafield>
  <datafield tag="942" ind1=" " ind2=" ">
    <subfield code="2">ddc</subfield>
    <subfield code="c">LMA</subfield>
  </datafield>
  <datafield tag="999" ind1=" " ind2=" ">
    <subfield code="c">10818</subfield>
    <subfield code="d">10818</subfield>
  </datafield>
  <datafield tag="952" ind1=" " ind2=" ">
    <subfield code="0">0</subfield>
    <subfield code="1">0</subfield>
    <subfield code="2">ddc</subfield>
    <subfield code="4">0</subfield>
    <subfield code="6">LMA_NAK_2015_000000000000000_B529_OR_1</subfield>
    <subfield code="7">0</subfield>
    <subfield code="9">56549</subfield>
    <subfield code="a">LBB</subfield>
    <subfield code="b">LBB</subfield>
    <subfield code="c">B529</subfield>
    <subfield code="d">2016-11-10</subfield>
    <subfield code="o">LMA NAK 2015 B529 Or.1</subfield>
    <subfield code="p">A03200</subfield>
    <subfield code="r">2016-11-10</subfield>
    <subfield code="w">2016-11-10</subfield>
    <subfield code="y">LMA</subfield>
  </datafield>
  <datafield tag="952" ind1=" " ind2=" ">
    <subfield code="0">0</subfield>
    <subfield code="1">0</subfield>
    <subfield code="2">ddc</subfield>
    <subfield code="4">0</subfield>
    <subfield code="6">LMA_NAK_2015_000000000000000_B529_OR_2</subfield>
    <subfield code="7">0</subfield>
    <subfield code="9">56550</subfield>
    <subfield code="a">LBB</subfield>
    <subfield code="b">LBB</subfield>
    <subfield code="c">B529</subfield>
    <subfield code="d">2016-11-10</subfield>
    <subfield code="o">LMA NAK 2015 B529 Or.2</subfield>
    <subfield code="p">A03279</subfield>
    <subfield code="r">2016-11-10</subfield>
    <subfield code="w">2016-11-10</subfield>
    <subfield code="y">LMA</subfield>
  </datafield>
  <datafield tag="952" ind1=" " ind2=" ">
    <subfield code="0">0</subfield>
    <subfield code="1">0</subfield>
    <subfield code="2">ddc</subfield>
    <subfield code="4">0</subfield>
    <subfield code="6">LMA_NAK_2015_000000000000000_B529_OR_3</subfield>
    <subfield code="7">0</subfield>
    <subfield code="9">56551</subfield>
    <subfield code="a">LBB</subfield>
    <subfield code="b">LBB</subfield>
    <subfield code="c">B529</subfield>
    <subfield code="d">2016-11-10</subfield>
    <subfield code="o">LMA NAK 2015 B529 Or.3</subfield>
    <subfield code="p">A03202</subfield>
    <subfield code="r">2016-11-10</subfield>
    <subfield code="w">2016-11-10</subfield>
    <subfield code="y">LMA</subfield>
  </datafield>
  <datafield tag="952" ind1=" " ind2=" ">
    <subfield code="0">0</subfield>
    <subfield code="1">0</subfield>
    <subfield code="2">ddc</subfield>
    <subfield code="4">0</subfield>
    <subfield code="6">LMA_NAK_2015_000000000000000_B529_OR_4</subfield>
    <subfield code="7">0</subfield>
    <subfield code="9">56552</subfield>
    <subfield code="a">LBB</subfield>
    <subfield code="b">LBB</subfield>
    <subfield code="c">B529</subfield>
    <subfield code="d">2016-11-10</subfield>
    <subfield code="o">LMA NAK 2015 B529 Or.4</subfield>
    <subfield code="p">A03201</subfield>
    <subfield code="r">2016-11-10</subfield>
    <subfield code="w">2016-11-10</subfield>
    <subfield code="y">LMA</subfield>
  </datafield>
  <datafield tag="952" ind1=" " ind2=" ">
    <subfield code="0">0</subfield>
    <subfield code="1">0</subfield>
    <subfield code="2">ddc</subfield>
    <subfield code="4">0</subfield>
    <subfield code="6">LMA_NAK_2015_000000000000000_B529_OR_5</subfield>
    <subfield code="7">0</subfield>
    <subfield code="9">56553</subfield>
    <subfield code="a">LBB</subfield>
    <subfield code="b">LBB</subfield>
    <subfield code="c">B529</subfield>
    <subfield code="d">2016-11-10</subfield>
    <subfield code="o">LMA NAK 2015 B529 Or.5</subfield>
    <subfield code="p">A03054</subfield>
    <subfield code="r">2016-11-10</subfield>
    <subfield code="w">2016-11-10</subfield>
    <subfield code="y">LMA</subfield>
  </datafield>
  <datafield tag="952" ind1=" " ind2=" ">
    <subfield code="0">0</subfield>
    <subfield code="1">0</subfield>
    <subfield code="2">ddc</subfield>
    <subfield code="4">0</subfield>
    <subfield code="6">LMA_NAK_2015_000000000000000_B529_OR_6</subfield>
    <subfield code="7">0</subfield>
    <subfield code="9">56554</subfield>
    <subfield code="a">LBB</subfield>
    <subfield code="b">LBB</subfield>
    <subfield code="c">B529</subfield>
    <subfield code="d">2016-11-10</subfield>
    <subfield code="l">1</subfield>
    <subfield code="o">LMA NAK 2015 B529 Or.6</subfield>
    <subfield code="p">A03249</subfield>
    <subfield code="r">2021-09-06</subfield>
    <subfield code="s">2021-08-31</subfield>
    <subfield code="w">2016-11-10</subfield>
    <subfield code="y">LMA</subfield>
  </datafield>
  <datafield tag="952" ind1=" " ind2=" ">
    <subfield code="0">0</subfield>
    <subfield code="1">0</subfield>
    <subfield code="2">ddc</subfield>
    <subfield code="4">0</subfield>
    <subfield code="6">LMA_NAK_2015_000000000000000_B529_OR_7</subfield>
    <subfield code="7">0</subfield>
    <subfield code="9">56555</subfield>
    <subfield code="a">LBB</subfield>
    <subfield code="b">LBB</subfield>
    <subfield code="c">B529</subfield>
    <subfield code="d">2016-11-10</subfield>
    <subfield code="o">LMA NAK 2015 B529 Or.7</subfield>
    <subfield code="p">A03376</subfield>
    <subfield code="r">2016-11-10</subfield>
    <subfield code="w">2016-11-10</subfield>
    <subfield code="y">LMA</subfield>
  </datafield>
  <datafield tag="952" ind1=" " ind2=" ">
    <subfield code="0">0</subfield>
    <subfield code="1">0</subfield>
    <subfield code="2">ddc</subfield>
    <subfield code="4">0</subfield>
    <subfield code="6">LMA_NAK_2015_000000000000000_B529_OR_8</subfield>
    <subfield code="7">0</subfield>
    <subfield code="9">56556</subfield>
    <subfield code="a">LBB</subfield>
    <subfield code="b">LBB</subfield>
    <subfield code="c">B529</subfield>
    <subfield code="d">2016-11-10</subfield>
    <subfield code="l">1</subfield>
    <subfield code="o">LMA NAK 2015 B529 Or.8</subfield>
    <subfield code="p">A03283</subfield>
    <subfield code="r">2017-08-26</subfield>
    <subfield code="s">2017-02-15</subfield>
    <subfield code="w">2016-11-10</subfield>
    <subfield code="y">LMA</subfield>
  </datafield>
</record>
